MARC

LEADER 00000nam0a2200000 4500
001 277641
005 20231101235032.0
035 |a (RuTPU)RU\TPU\book\300917 
090 |a 277641 
100 |a 20141205d1986 km y0rusy50 ca 
101 0 |a rus 
102 |a RU 
105 |a a z 001zb 
200 1 |a Лидия Исааковна Бродская  |e [альбом]  |f Академия художеств СССР (АХ СССР), Научно-исследовательский институт теории и истории изобразительных искусств ; авт.-сост. Д. М. Осипов 
210 |a Москва  |c Изобразительное искусство  |d 1986 
215 |a 159 с.  |c ил. 
225 1 |a Мастера Академии художеств СССР 
320 |a Основные даты жизни и творчества: с. 152-156 
320 |a Список репродукций: с. 157-159 
600 1 |a Бродская  |b Л. И.  |c российский живописец  |f 1910-1991  |g Лидия Исааковна  |2 stltpush  |3 (RuTPU)RU\TPU\pers\36021 
606 1 |a Живописцы  |2 stltpush  |3 (RuTPU)RU\TPU\subj\10834  |9 37852 
610 1 |a пейзажная живопись 
610 1 |a природа 
610 1 |a альбомы 
675 |a 75.071  |v 3 
702 1 |a Осипов  |b Д. М.  |g Дмитрий Михайлович  |4 220 
712 0 2 |a Академия художеств СССР (АХ СССР)  |b Научно-исследовательский институт теории и истории изобразительных искусств  |c (Москва)  |2 stltpush  |3 (RuTPU)RU\TPU\col\11798 
801 1 |a RU  |b 63413507  |c 20141205 
801 2 |a RU  |b 63413507  |c 20170406  |g RCR 
942 |c BK